000 00338nam a2200133Ia 4500
005 20260326100028.0
008 260326s9999||||xx |||||||||||||| ||und||
100 _aBrandt, Jürgen
245 0 _aBanken :
_b Und sparkassen /
_cJürgen Brandt
260 _bGeorge W. Callwey
300 _a202 p.
650 _aARQUITECTURA CIVIL
942 _cBK
999 _c6496
_d6496